[Event "Bundesliga 2324"]
[Site "Germany"]
[Date "2024.02.23"]
[Round "9.2"]
[White "Gerigk, Erasmus"]
[Black "Lokander, Martin"]
[Result "0-1"]
[WhiteElo "2310"]
[BlackElo "2462"]
[PlyCount "86"]
[EventDate "2023.10.21"]
[EventType "team-tourn"]
[EventRounds "15"]
[EventCountry "GER"]
[SourceTitle "CB09_2024"]
[SourceDate "2024.02.28"]
[SourceVersion "1"]
[SourceVersionDate "2024.02.28"]
[SourceQuality "1"]
[WhiteTeam "Muenchen Zugzwang"]
[BlackTeam "Bayern Muenchen"]
[WhiteTeamCountry "GER"]
[BlackTeamCountry "GER"]

1. e4 e5 2. Nf3 Nc6 3. Bc4 Nf6 4. Ng5 d5 5. exd5 Na5 6. Bb5+ Bd7 7. Qe2 Bd6 8. Nc3 c6 9. dxc6 Nxc6 10. Nge4 Nxe4 11. Nxe4 Be7 12. c3 f5 13. Ng3 0-0 14. d3 Kh8 15. Bc4 Qc7 16. 0-0 Rad8 17. b4 e4 18. d4 Bxb4 19. cxb4 Nxd4 20. Qb2 Qxc4 21. Bg5 Qd5 22. Bxd8 Rxd8 23. Rac1 Bb5 24. Rfd1 Bd3 25. Qd2 h6 26. Kh1 Qd6 27. Re1 Qg6 28. Qf4 Kh7 29. h4 Rf8 30. a3 Ne6 31. Qe5 Rf6 32. Rc8 Qg4 33. h5 f4 34. Nxe4 Rf5 35. Qc3 f3 36. Ng3 fxg2+ 37. Kh2 Nf4 38. Rc5 Qh4+ 39. Kg1 Nh3+ 40. Kh2 Nf4+ 41. Kg1 Nh3+ 42. Kh2 g1Q+ 43. Rxg1 Nf4# 0-1

[Event "BL2-Ost 2223"]
[Site "Germany"]
[Date "2023.03.18"]
[Round "9.8"]
[White "Gerigk, Erasmus"]
[Black "Postlmayer, Jakob"]
[Result "0-1"]
[WhiteElo "2318"]
[BlackElo "2323"]
[PlyCount "84"]
[EventDate "2022.10.22"]
[EventType "team-tourn"]
[EventRounds "10"]
[EventCountry "GER"]
[SourceTitle "EXT 2024"]
[Source "ChessBase"]
[SourceDate "2023.10.10"]
[SourceVersion "1"]
[SourceVersionDate "2023.10.10"]
[SourceQuality "1"]
[WhiteTeam "Muenchen Zugzwang"]
[BlackTeam "Passau"]
[WhiteTeamCountry "GER"]
[BlackTeamCountry "GER"]

1. e4 e5 2. Nf3 Nf6 3. Nxe5 d6 4. Nf3 Nxe4 5. Nc3 Nxc3 6. dxc3 Be7 7. Be3 0-0 8. Qd2 Nd7 9. 0-0-0 Nf6 10. Bd4 Be6 11. c4 c5 12. Be3 d5 13. Ng5 d4 14. Qe1 Bd7 15. Bd2 Re8 16. Bd3 Bd6 17. Qf1 h6 18. Nh3 Qc7 19. Kb1 a6 20. f3 Nh5 21. g3 Rab8 22. Nf2 Nf6 23. Re1 Rxe1+ 24. Qxe1 Bc6 25. Qd1 b5 26. Re1 Qb7 27. Bc1 Bxf3 28. Qd2 Bf8 29. Ka1 bxc4 30. Bxc4 Nd5 31. Qa5 Ne3 32. Bxa6 Nxc2+ 33. Kb1 Qa8 34. Kxc2 Bb7 35. Bf4 Bxa6 36. Qd2 Re8 37. b3 Rxe1 38. Qxe1 Qf3 39. Kb2 c4 40. Ne4 c3+ 41. Ka1 Ba3 42. Nf2 Bb2+ 0-1

[Event "BL2-Ost 2122"]
[Site "Germany"]
[Date "2022.06.18"]
[Round "7.7"]
[White "Kleibel, Uwe"]
[Black "Gerigk, Erasmus"]
[Result "0-1"]
[WhiteElo "2186"]
[BlackElo "2328"]
[PlyCount "114"]
[EventDate "2022.03.05"]
[EventType "team-tourn"]
[EventRounds "10"]
[EventCountry "GER"]
[SourceTitle "EXT 2023"]
[Source "ChessBase"]
[SourceDate "2022.10.05"]
[SourceVersion "1"]
[SourceVersionDate "2022.10.05"]
[SourceQuality "1"]
[WhiteTeam "Regensburg Bavaria"]
[BlackTeam "Muenchen Zugzwang"]
[WhiteTeamCountry "GER"]
[BlackTeamCountry "GER"]

1. e4 c5 2. Nf3 Nc6 3. d4 cxd4 4. Nxd4 e5 5. Nb5 d6 6. c4 Be6 7. N5c3 Nf6 8. Bd3 Be7 9. Nd5 0-0 10. Nbc3 Nd7 11. Be3 Bg5 12. Qd2 Bxe3 13. fxe3 Rc8 14. 0-0 Nb6 15. b3 Ne7 16. Nxe7+ Qxe7 17. Rad1 a6 18. Be2 Rfd8 19. Bf3 Rc6 20. Rc1 Nd7 21. Nd5 Qg5 22. Qf2 Bxd5 23. cxd5 Rxc1 24. Rxc1 Nc5 25. Rc3 a5 26. a3 Ra8 27. g3 Qd8 28. Qc2 Qb6 29. Kg2 g6 30. h4 Kg7 31. Bg4 Rf8 32. Kh2 Re8 33. Kg2 Re7 34. Kh2 Rc7 35. Be2 h6 36. Kg2 Kf8 37. h5 Ke8 38. a4 Kf8 39. Kh2 Kg7 40. Kg2 Re7 41. Bf3 Re8 42. Kh2 Kh7 43. Kg2 Rg8 44. Bg4 Qc7 45. Qf2 Qe7 46. Qf3 Kg7 47. Kh2 Qg5 48. Kg2 Rb8 49. Kh2 b5 50. axb5 Rxb5 51. hxg6 fxg6 52. Be6 Qh5+ 53. Qxh5 gxh5 54. Rc2 Rxb3 55. Rf2 Rb7 56. Bf5 a4 57. Ra2 Rb3 0-1

[Event "BL2-Ost 1920"]
[Site "Germany"]
[Date "2020.02.09"]
[Round "8.6"]
[White "Gerigk, Erasmus"]
[Black "Ivanov, Mikhail M"]
[Result "1/2-1/2"]
[WhiteElo "2343"]
[BlackElo "2342"]
[PlyCount "36"]
[EventDate "2019.10.19"]
[EventType "team-tourn"]
[EventRounds "11"]
[EventCountry "GER"]
[SourceTitle "CBM 194 Extra"]
[Source "ChessBase"]
[SourceDate "2020.03.31"]
[SourceVersion "1"]
[SourceVersionDate "2020.03.31"]
[SourceQuality "1"]
[WhiteTeam "Zugzwang MSA"]
[BlackTeam "Bad Mergentheim"]
[WhiteTeamCountry "GER"]
[BlackTeamCountry "GER"]

1. e4 c6 2. c4 e5 3. Nc3 d6 4. Nf3 Bg4 5. Be2 Nd7 6. 0-0 Ngf6 7. h3 Bxf3 8. Bxf3 Be7 9. g3 Nc5 10. d3 Ne6 11. Bg2 h5 12. Ne2 h4 13. g4 g5 14. d4 Nd7 15. Be3 Nf4 16. Qd2 a5 17. Rfd1 Qc7 18. Rac1 c5 1/2-1/2

[Event "Bundesliga 1819"]
[Site "Germany"]
[Date "2019.03.10"]
[Round "13.5"]
[White "Miedema, David"]
[Black "Gerigk, Erasmus"]
[Result "1-0"]
[WhiteElo "2381"]
[BlackElo "2355"]
[PlyCount "61"]
[EventDate "2018.11.10"]
[EventType "team-tourn"]
[EventRounds "15"]
[EventCountry "GER"]
[SourceTitle "CBM 189 Extra"]
[Source "ChessBase"]
[SourceDate "2019.06.03"]
[SourceVersion "1"]
[SourceVersionDate "2019.06.03"]
[SourceQuality "1"]
[WhiteTeam "Duesseldorf"]
[BlackTeam "Muenchen Zugzwang"]
[WhiteTeamCountry "GER"]
[BlackTeamCountry "GER"]

1. e4 c5 2. Nf3 Nc6 3. d4 cxd4 4. Nxd4 e5 5. Nb5 d6 6. N1c3 a6 7. Na3 b5 8. Nd5 Nge7 9. c4 Nd4 10. cxb5 Nxd5 11. exd5 Bd7 12. bxa6 Qa5+ 13. b4 Qxb4+ 14. Qd2 Qa4 15. Rb1 Rc8 16. Bd3 Be7 17. 0-0 0-0 18. Qb4 Qxb4 19. Rxb4 Rc3 20. Rd1 Rfc8 21. Bb2 R3c5 22. Bxd4 exd4 23. Nc4 Bd8 24. Nxd6 Rc1 25. Nxc8 Rxd1+ 26. Bf1 d3 27. a7 Bb5 28. Rd4 d2 29. h4 Rxf1+ 30. Kh2 Bc7+ 31. d6 1-0

[Event "Bundesliga 1819"]
[Site "Germany"]
[Date "2019.03.02"]
[Round "10.7"]
[White "Gerigk, Erasmus"]
[Black "Schreiner, Peter"]
[Result "1/2-1/2"]
[WhiteElo "2355"]
[BlackElo "2480"]
[PlyCount "52"]
[EventDate "2018.11.10"]
[EventType "team-tourn"]
[EventRounds "15"]
[EventCountry "GER"]
[SourceTitle "CBM 189 Extra"]
[Source "ChessBase"]
[SourceDate "2019.06.03"]
[SourceVersion "1"]
[SourceVersionDate "2019.06.03"]
[SourceQuality "1"]
[WhiteTeam "Muenchen Zugzwang"]
[BlackTeam "Berlin SF"]
[WhiteTeamCountry "GER"]
[BlackTeamCountry "GER"]

1. e4 c5 2. c3 Nf6 3. e5 Nd5 4. Bc4 Nb6 5. Bb3 d6 6. exd6 Qxd6 7. Nf3 c4 8. Bc2 Qe6+ 9. Kf1 Qd5 10. Qe2 Qe6 11. Qxe6 Bxe6 12. Ng5 Bd5 13. Nxh7 Nc6 14. Nxf8 Rxf8 15. d4 cxd3 16. Bxd3 0-0-0 17. Be2 Rd6 18. f3 Bc4 19. Nd2 Bxe2+ 20. Kxe2 Rfd8 21. f4 e5 22. Nf3 Nd5 23. f5 g6 24. Ng5 Rf6 25. fxg6 Rxg6 26. g3 f5 1/2-1/2

[Event "Bundesliga 1819"]
[Site "Germany"]
[Date "2019.03.01"]
[Round "9.7"]
[White "Arnaudov, Petar G"]
[Black "Gerigk, Erasmus"]
[Result "1-0"]
[WhiteElo "2459"]
[BlackElo "2355"]
[PlyCount "143"]
[EventDate "2018.11.10"]
[EventType "team-tourn"]
[EventRounds "15"]
[EventCountry "GER"]
[SourceTitle "CBM 189 Extra"]
[Source "ChessBase"]
[SourceDate "2019.06.03"]
[SourceVersion "1"]
[SourceVersionDate "2019.06.03"]
[SourceQuality "1"]
[WhiteTeam "Augsburg"]
[BlackTeam "Muenchen Zugzwang"]
[WhiteTeamCountry "GER"]
[BlackTeamCountry "GER"]

1. d4 Nf6 2. c4 e6 3. Nc3 Bb4 4. g3 0-0 5. Bg2 d5 6. Nf3 dxc4 7. 0-0 Nc6 8. Qa4 Rb8 9. Qb5 Bxc3 10. bxc3 Qd5 11. a4 a6 12. Qb2 Qh5 13. Nd2 Na5 14. e4 b5 15. Qc2 Nc6 16. axb5 axb5 17. f4 Qe2 18. Bf3 Qd3 19. Qxd3 cxd3 20. Nb3 Nd7 21. d5 Nd8 22. Ba3 Re8 23. d6 cxd6 24. Bxd6 Rb6 25. e5 Ra6 26. Rad1 Bb7 27. Rxd3 Bxf3 28. Rfxf3 Nb7 29. Bb4 Nb6 30. Nd4 Nd5 31. Nxb5 Nxb4 32. cxb4 Rb6 33. Nc7 Rc8 34. Rc3 Rxb4 35. Rfd3 h5 36. Kg2 Rd8 37. Rxd8+ Nxd8 38. Ne8 Nb7 39. Rc8 Kh7 40. Kf3 Kg6 41. Rc7 Rb3+ 42. Ke4 Rb4+ 43. Kd3 Rb1 44. Ke3 Re1+ 45. Kf3 Rb1 46. Kg2 Rb3 47. Kh3 Rb2 48. g4 hxg4+ 49. Kxg4 Rb1 50. h4 Rg1+ 51. Kf3 Rf1+ 52. Kg3 Rg1+ 53. Kf2 Rb1 54. Ke2 Rb3 55. Kf2 Rb1 56. h5+ Kxh5 57. Rxf7 g5 58. f5 exf5 59. e6 f4 60. e7 Rb2+ 61. Ke1 Rb1+ 62. Kd2 Rb2+ 63. Kd3 Rb3+ 64. Ke4 Kg6 65. Rf6+ Kh7 66. Kf5 Rb5+ 67. Ke6 Nc5+ 68. Kf7 Nd7 69. Rd6 Ne5+ 70. Ke6 Ng4 71. Nf6+ Kg7 72. Nxg4 1-0

[Event "Bundesliga 1819"]
[Site "Germany"]
[Date "2019.02.03"]
[Round "8.6"]
[White "Gerigk, Erasmus"]
[Black "Hausrath, Daniel"]
[Result "1/2-1/2"]
[WhiteElo "2355"]
[BlackElo "2493"]
[PlyCount "41"]
[EventDate "2018.11.10"]
[EventType "team-tourn"]
[EventRounds "15"]
[EventCountry "GER"]
[SourceTitle "CBM 188 Extra"]
[Source "ChessBase"]
[SourceDate "2019.02.26"]
[SourceVersion "1"]
[SourceVersionDate "2019.02.26"]
[SourceQuality "1"]
[WhiteTeam "Muenchen Zugzwang"]
[BlackTeam "Muelheim Nord"]
[WhiteTeamCountry "GER"]
[BlackTeamCountry "GER"]

1. e4 c6 2. c4 d5 3. cxd5 cxd5 4. exd5 Nf6 5. Nc3 Nxd5 6. d4 Nxc3 7. bxc3 g6 8. Nf3 Bg7 9. Bb5+ Bd7 10. a4 Qc7 11. Bd2 Nc6 12. 0-0 0-0 13. Re1 a6 14. Bd3 Rac8 15. Rb1 e6 16. Be4 b6 17. Bd3 Ra8 18. Qe2 Ne7 19. Bxa6 Bxa4 20. Ne5 Nc6 21. Nxc6 1/2-1/2

[Event "Bundesliga 1819"]
[Site "Germany"]
[Date "2018.11.25"]
[Round "4.5"]
[White "Gerigk, Erasmus"]
[Black "Ernst, Sipke"]
[Result "0-1"]
[WhiteElo "2355"]
[BlackElo "2535"]
[PlyCount "136"]
[EventDate "2018.11.10"]
[EventType "team-tourn"]
[EventRounds "15"]
[EventCountry "GER"]
[SourceTitle "CBM 187 Extra"]
[Source "ChessBase"]
[SourceDate "2018.11.04"]
[SourceVersion "1"]
[SourceVersionDate "2018.11.04"]
[SourceQuality "1"]
[WhiteTeam "Muenchen Zugzwang"]
[BlackTeam "Hamburger SK"]
[WhiteTeamCountry "GER"]
[BlackTeamCountry "GER"]

1. e4 e5 2. Nf3 Nc6 3. Bc4 Bc5 4. d3 Nf6 5. c3 d6 6. Bb3 h6 7. 0-0 a6 8. d4 Ba7 9. dxe5 Nxe5 10. Nxe5 dxe5 11. Qxd8+ Kxd8 12. Nd2 Ke7 13. Nf3 Be6 14. Re1 Ng4 15. Re2 Rhd8 16. Bd2 Bxb3 17. axb3 Rd3 18. Be1 Ke6 19. Rd2 Rxd2 20. Nxd2 Rd8 21. Nf3 Bb6 22. Kf1 g6 23. h3 Nf6 24. Nd2 Nh5 25. g3 f5 26. exf5+ gxf5 27. Nc4 Nf6 28. Ke2 h5 29. f3 Nd5 30. Nxb6 Nxb6 31. c4 Nd7 32. Rd1 Rg8 33. Kf2 Nb8 34. Ba5 Rg7 35. Bc3 Rd7 36. Re1 Nc6 37. Re2 Nd4 38. Re1 c5 39. Re3 b6 40. Re1 a5 41. g4 hxg4 42. hxg4 Rh7 43. gxf5+ Kxf5 44. Kg2 Rh5 45. Kg3 Rh6 46. Kg2 Re6 47. Rh1 Nxb3 48. Rh5+ Kg6 49. Rxe5 Rxe5 50. Bxe5 Nd2 51. Bc3 Nxc4 52. b3 Ne3+ 53. Kg3 Kf5 54. Bg7 Nf1+ 55. Kf2 Nd2 56. Ke2 Nxb3 57. Kd3 b5 58. Kc3 Nd4 59. Bf8 Ne6 60. Bd6 a4 61. Bg3 b4+ 62. Kc4 a3 63. Kb3 Nd4+ 64. Ka2 Ke6 65. Bf2 Kd5 66. f4 Ne2 67. f5 Nc3+ 68. Ka1 b3 0-1

[Event "Bundesliga 1819"]
[Site "Germany"]
[Date "2018.11.24"]
[Round "3.6"]
[White "Gerigk, Erasmus"]
[Black "Hector, Jonny"]
[Result "0-1"]
[WhiteElo "2355"]
[BlackElo "2495"]
[PlyCount "50"]
[EventDate "2018.11.10"]
[EventType "team-tourn"]
[EventRounds "15"]
[EventCountry "GER"]
[SourceTitle "CBM 187 Extra"]
[Source "ChessBase"]
[SourceDate "2018.11.04"]
[SourceVersion "1"]
[SourceVersionDate "2018.11.04"]
[SourceQuality "1"]
[WhiteTeam "Muenchen Zugzwang"]
[BlackTeam "Kiel Turm"]
[WhiteTeamCountry "GER"]
[BlackTeamCountry "GER"]

1. e4 e5 2. Nf3 Nc6 3. Bc4 Nf6 4. d3 Bc5 5. c3 0-0 6. 0-0 d5 7. exd5 Nxd5 8. Re1 Bg4 9. h3 Bh5 10. Nbd2 Nb6 11. Ne4 Nxc4 12. Nxc5 Nd6 13. Qe2 b6 14. Ne4 f5 15. Ng3 Bxf3 16. Qxf3 Qd7 17. Qd5+ Kh8 18. f4 Ne7 19. Qxe5 Ng6 20. Qd5 Rad8 21. Be3 c5 22. Rad1 Qa4 23. Nh5 Nc8 24. Qb3 Qc6 25. Bc1 Nh4 0-1

[Event "Bundesliga 1718"]
[Site "Germany"]
[Date "2018.04.30"]
[Round "14.3"]
[White "Gerigk, Erasmus"]
[Black "Bezold, Michael"]
[Result "1/2-1/2"]
[WhiteElo "2339"]
[BlackElo "2493"]
[PlyCount "40"]
[EventDate "2017.10.21"]
[EventType "team-tourn"]
[EventRounds "15"]
[EventCountry "GER"]
[SourceTitle "CBM 184"]
[Source "ChessBase"]
[SourceDate "2018.05.16"]
[SourceVersion "1"]
[SourceVersionDate "2018.05.16"]
[SourceQuality "1"]
[WhiteTeam "Muenchen Zugzwang"]
[BlackTeam "Bayern Muenchen"]
[WhiteTeamCountry "GER"]
[BlackTeamCountry "GER"]

1. e4 e6 2. d4 c5 3. c3 d5 4. exd5 Qxd5 5. Nf3 Nf6 6. Be2 Nc6 7. 0-0 cxd4 8. cxd4 Be7 9. Nc3 Qd6 10. Nb5 Qd8 11. Bf4 Nd5 12. Bg3 a6 13. Nc3 0-0 14. Rc1 Nf6 15. h3 Bd7 16. a3 Be8 17. Qb3 b5 18. Rfd1 Rc8 19. Bf4 Na5 20. Qa2 Bc6 1/2-1/2

[Event "Bundesliga 1718"]
[Site "Germany"]
[Date "2018.03.11"]
[Round "12.7"]
[White "Gerigk, Erasmus"]
[Black "Moehn, Hans"]
[Result "0-1"]
[WhiteElo "2339"]
[BlackElo "2368"]
[PlyCount "56"]
[EventDate "2017.10.21"]
[EventType "team-tourn"]
[EventRounds "15"]
[EventCountry "GER"]
[SourceTitle "CBM 184"]
[Source "ChessBase"]
[SourceDate "2018.05.16"]
[SourceVersion "1"]
[SourceVersionDate "2018.05.16"]
[SourceQuality "1"]
[WhiteTeam "Muenchen Zugzwang"]
[BlackTeam "Dresden"]
[WhiteTeamCountry "GER"]
[BlackTeamCountry "GER"]

1. e4 c6 2. c4 d5 3. cxd5 cxd5 4. exd5 Nf6 5. Nc3 Nxd5 6. d4 Nxc3 7. bxc3 g6 8. Nf3 Bg7 9. Be2 0-0 10. 0-0 Qc7 11. Qb3 Nc6 12. Bg5 Rd8 13. Rab1 b6 14. Bh4 Bb7 15. Rfe1 Rd7 16. Bg3 Qd8 17. h4 Rc8 18. Ng5 e6 19. Bb5 Bf6 20. Bf4 Rd5 21. Bf1 Na5 22. Qa3 Rf5 23. Be3 Be7 24. Qc1 Nc4 25. Bd3 Nxe3 26. fxe3 Bxg5 27. Bxf5 Bxh4 28. Bd3 Bg3 0-1

[Event "Bundesliga 1718"]
[Site "Germany"]
[Date "2018.02.04"]
[Round "8.7"]
[White "Gerigk, Erasmus"]
[Black "Zeller, Frank"]
[Result "1/2-1/2"]
[WhiteElo "2339"]
[BlackElo "2371"]
[PlyCount "167"]
[EventDate "2017.10.21"]
[EventType "team-tourn"]
[EventRounds "15"]
[EventCountry "GER"]
[SourceTitle "CBM 183"]
[Source "ChessBase"]
[SourceDate "2018.03.14"]
[SourceVersion "1"]
[SourceVersionDate "2018.03.14"]
[SourceQuality "1"]
[WhiteTeam "Muenchen Zugzwang"]
[BlackTeam "Schwaebisch Hall"]
[WhiteTeamCountry "GER"]
[BlackTeamCountry "GER"]

1. e4 c5 2. c3 d5 3. exd5 Nf6 4. d4 Nxd5 5. Nf3 e6 6. Be2 Qc7 7. 0-0 Nd7 8. Re1 Be7 9. c4 Nf4 10. Bf1 0-0 11. Nc3 cxd4 12. Nxd4 Ng6 13. Be3 a6 14. a3 Nde5 15. Qe2 Bd7 16. f4 Nc6 17. Nxc6 Bxc6 18. Qf2 Rae8 19. b4 f5 20. Bb6 Qxf4 21. Rxe6 Bf6 22. Rxe8 Rxe8 23. Qxf4 Nxf4 24. Rc1 Bxc3 25. Rxc3 Ne2+ 26. Bxe2 Rxe2 27. Bf2 Rb2 28. h4 Kf7 29. Rg3 g6 30. h5 Rc2 31. hxg6+ hxg6 32. c5 f4 33. Rg4 Rc4 34. Bh4 Bd7 35. Rg5 Bf5 36. Kf2 Be4 37. Re5 Rc2+ 38. Ke1 Bxg2 39. Bg5 Bc6 40. Bxf4 Kf6 41. Rg5 Rc4 42. Bd2 Re4+ 43. Kf2 Rh4 44. Rg3 Rh2+ 45. Ke3 g5 46. Kd3 Rh5 47. Rg1 Bb5+ 48. Ke3 Kf5 49. a4 Bxa4 50. Rf1+ Ke6 51. Kf3 Bb5 52. Rf2 Kf5 53. Kg3+ Kg6 54. Rf8 Bc4 55. Re8 Rh1 56. Re5 Rg1+ 57. Kf2 Rg4 58. Kf3 Kh5 59. Be1 Bb5 60. Re7 Bc6+ 61. Kf2 Rg2+ 62. Kf1 Kg4 63. Re6 Rc2 64. Rd6 Bg2+ 65. Kg1 Be4 66. Rd2 Rc1 67. Kf2 Kf5 68. Rd8 g4 69. Bd2 Rh1 70. Rf8+ Ke6 71. Ke3 Bf3 72. Rd8 Rh7 73. Bc3 Rf7 74. Be1 Kf5 75. Bh4 Rh7 76. Rf8+ Ke6 77. Bg3 Kd5 78. Rf4 Re7+ 79. Kd3 Be2+ 80. Kd2 Bf3 81. Kd3 Be2+ 82. Kd2 Kc6 83. Bh4 Re8 84. Rf6+ 1/2-1/2

[Event "Bundesliga 1617"]
[Site "Germany"]
[Date "2017.03.18"]
[Round "9.8"]
[White "Vogel, Roven"]
[Black "Gerigk, Erasmus"]
[Result "1-0"]
[WhiteElo "2415"]
[BlackElo "2381"]
[PlyCount "61"]
[EventDate "2016.10.15"]
[EventType "team-tourn"]
[EventRounds "15"]
[EventCountry "GER"]
[SourceTitle "CBM 178"]
[Source "ChessBase"]
[SourceDate "2017.05.14"]
[SourceVersion "1"]
[SourceVersionDate "2017.05.14"]
[SourceQuality "1"]
[WhiteTeam "Dresden"]
[BlackTeam "Muenchen Zugzwang"]
[WhiteTeamCountry "GER"]
[BlackTeamCountry "GER"]

1. d4 g6 2. c4 Bg7 3. Nf3 c5 4. e3 Nf6 5. Nc3 0-0 6. Be2 cxd4 7. exd4 d5 8. cxd5 Nxd5 9. Qb3 Nxc3 10. bxc3 Nc6 11. 0-0 Qc7 12. Rd1 Be6 13. d5 Na5 14. Qa4 Bd7 15. Qh4 Rac8 16. Ng5 h6 17. Ne4 Qe5 18. Bd3 f5 19. Bf4 Qxd5 20. Bxh6 Bxh6 21. Qxh6 Qf7 22. Ng5 Qg7 23. Qh4 Rxc3 24. Bf1 Bc8 25. Rd4 a6 26. Ra4 Rc5 27. Re1 Rf6 28. Rxa5 Rxa5 29. Qc4+ e6 30. Qxc8+ Rf8 31. Qxe6+ 1-0

[Event "Bundesliga 1617"]
[Site "Germany"]
[Date "2017.02.19"]
[Round "8.5"]
[White "Gerigk, Erasmus"]
[Black "Lampert, Jonas"]
[Result "0-1"]
[WhiteElo "2381"]
[BlackElo "2500"]
[PlyCount "162"]
[EventDate "2016.10.15"]
[EventType "team-tourn"]
[EventRounds "15"]
[EventCountry "GER"]
[SourceTitle "CBM 177"]
[Source "ChessBase"]
[SourceDate "2017.03.16"]
[SourceVersion "1"]
[SourceVersionDate "2017.03.16"]
[SourceQuality "1"]
[WhiteTeam "Muenchen Zugzwang"]
[BlackTeam "Hamburger SK"]
[WhiteTeamCountry "GER"]
[BlackTeamCountry "GER"]

1. e4 e5 2. Nf3 Nc6 3. Bc4 Nf6 4. d3 Bc5 5. c3 0-0 6. 0-0 d5 7. exd5 Nxd5 8. Nbd2 Nb6 9. b4 Be7 10. b5 Na5 11. Nxe5 Naxc4 12. Ndxc4 Qd5 13. a4 Nxc4 14. Nxc4 Bf5 15. Ne3 Qxd3 16. Nxf5 Qxf5 17. Be3 Bd6 18. Qb3 Rfe8 19. Rad1 Re4 20. Rd5 Qe6 21. Rfd1 Re8 22. c4 f5 23. Qd3 f4 24. Bd2 f3 25. g3 Rf8 26. Be3 Qh3 27. Qf1 Qxf1+ 28. Kxf1 Rxc4 29. R1d4 Rxd4 30. Bxd4 b6 31. a5 Kf7 32. axb6 axb6 33. Ke1 g6 34. Kd2 Re8 35. Kd3 h6 36. Be3 Ke6 37. Ke4 Ra8 38. Bxh6 Ra4+ 39. Rd4 Ra5 40. Rd5 Ra4+ 41. Rd4 Ra5 42. Rd5 Bc5 43. Re5+ Kf7 44. Rd5 Ke6 45. Re5+ Kf6 46. Bg5+ Kf7 47. Rd5 Rxb5 48. Rd7+ Ke6 49. Rxc7 Bd6 50. Rb7 Rxg5 51. Rxb6 Rf5 52. Rc6 Rh5 53. Kxf3 Rxh2 54. Rc2 Kf5 55. Rd2 Be5 56. Ra2 g5 57. Ra4 Rh8 58. Re4 Rd8 59. Re2 Bd4 60. Re4 Bc5 61. Rc4 Bd4 62. Rc7 Rb8 63. Kg2 Rb2 64. Rf7+ Ke4 65. Kf1 g4 66. Rf4+ Kd3 67. Rxg4 Rxf2+ 68. Ke1 Rf3 69. Rf4 Bc3+ 70. Kd1 Re3 71. Rf1 Bd4 72. Rf2 Bc3 73. Rf1 Re5 74. Rf3+ Kc4 75. Rf8 Re1+ 76. Kc2 Re2+ 77. Kd1 Rd2+ 78. Kc1 Ra2 79. Rc8+ Kd3 80. Rd8+ Bd4 81. Rb8 Rg2 0-1

[Event "BL2-Ost 1516"]
[Site "Germany"]
[Date "2015.12.13"]
[Round "6.5"]
[White "Gerigk, Erasmus"]
[Black "Pitl, Gregory"]
[Result "1/2-1/2"]
[WhiteElo "2392"]
[BlackElo "2397"]
[PlyCount "25"]
[EventDate "2015.09.20"]
[EventType "team-tourn"]
[EventRounds "9"]
[EventCountry "GER"]
[SourceTitle "CBM 170 Extra"]
[Source "ChessBase"]
[SourceDate "2016.02.25"]
[SourceVersion "1"]
[SourceVersionDate "2016.02.25"]
[SourceQuality "1"]
[WhiteTeam "Zugzwang MSA"]
[BlackTeam "Goeggingen"]
[WhiteTeamCountry "GER"]
[BlackTeamCountry "GER"]

1. e4 e5 2. Nf3 d6 3. d4 exd4 4. Nxd4 Nf6 5. Nc3 Be7 6. Bf4 0-0 7. Be2 c6 8. Qd2 d5 9. exd5 Nxd5 10. Nxd5 Qxd5 11. Bf3 Qc4 12. Be2 Qd5 13. Bf3 1/2-1/2

[Event "BL2-Ost 1415"]
[Site "Germany"]
[Date "2014.12.06"]
[Round "5.5"]
[White "Pflug, Matthias"]
[Black "Gerigk, Erasmus"]
[Result "0-1"]
[WhiteElo "2264"]
[BlackElo "2398"]
[PlyCount "118"]
[EventDate "2014.10.18"]
[EventType "team-tourn"]
[EventRounds "10"]
[EventCountry "GER"]
[SourceTitle "CBM 166 Extra"]
[Source "ChessBase"]
[SourceDate "2015.06.18"]
[SourceVersion "1"]
[SourceVersionDate "2015.06.18"]
[SourceQuality "1"]
[WhiteTeam "Passau"]
[BlackTeam "Zugzwang MSA"]
[WhiteTeamCountry "GER"]
[BlackTeamCountry "GER"]

1. e4 c5 2. Nf3 Nc6 3. d4 cxd4 4. Nxd4 e5 5. Nb5 d6 6. N1c3 a6 7. Na3 b5 8. Nd5 Nge7 9. c4 Nd4 10. cxb5 Nxd5 11. exd5 Bd7 12. bxa6 Qa5+ 13. Bd2 Qxd5 14. Be3 Be7 15. Bxd4 exd4 16. Be2 Qa5+ 17. Qd2 Rxa6 18. Bxa6 Qxa6 19. Qe2 d3 20. Qd2 0-0 21. 0-0 Rb8 22. Rfd1 Bf5 23. Nb1 h6 24. Nc3 Bg5 25. f4 Bf6 26. Kh1 Bd4 27. Rab1 Qa5 28. a4 Qc5 29. Nb5 Be3 30. b4 Qb6 31. a5 Bxd2 32. axb6 Bxf4 33. Nc3 Be5 34. Rbc1 Rxb6 35. Nd5 Rb7 36. Rc7 Rxc7 37. Nxc7 Kf8 38. b5 Ke7 39. Nd5+ Kd7 40. b6 Bd4 41. b7 Ba7 42. Nb4 Kc7 43. b8Q+ Kxb8 44. Nc6+ Kb7 45. Nxa7 Kxa7 46. Rb1 Bg4 47. Rb2 Bd1 48. Rd2 Bc2 49. Kg1 Kb6 50. Kf2 Kc5 51. Ke3 Kc4 52. Kf2 f5 53. Ke1 f4 54. g3 fxg3 55. hxg3 h5 56. Rf2 Kc3 57. Rf3 Bb3 58. Rf2 Bd5 59. Rf8 d2+ 0-1

[Event "BL2-Ost 1415"]
[Site "Germany"]
[Date "2014.11.08"]
[Round "3.4"]
[White "Gerigk, Erasmus"]
[Black "Seyb, Alexander"]
[Result "1/2-1/2"]
[WhiteElo "2398"]
[BlackElo "2373"]
[PlyCount "74"]
[EventDate "2014.10.18"]
[EventType "team-tourn"]
[EventRounds "10"]
[EventCountry "GER"]
[SourceTitle "CBM 166 Extra"]
[Source "ChessBase"]
[SourceDate "2015.06.18"]
[SourceVersion "1"]
[SourceVersionDate "2015.06.18"]
[SourceQuality "1"]
[WhiteTeam "Zugzwang MSA"]
[BlackTeam "Forchheim"]
[WhiteTeamCountry "GER"]
[BlackTeamCountry "GER"]

1. e4 e5 2. Nf3 Nf6 3. Nxe5 d6 4. Nf3 Nxe4 5. Nc3 Nxc3 6. dxc3 Be7 7. Be3 0-0 8. Qd2 Qe8 9. 0-0-0 Qa4 10. Kb1 Nc6 11. h4 Be6 12. b3 Qa5 13. Ng5 Bf5 14. Bd3 Bf6 15. Bxf5 Qxf5 16. f3 Rfe8 17. Ne4 Re6 18. Bg5 Be7 19. Bf4 Re8 20. h5 Qa5 21. h6 g6 22. Rhe1 f5 23. Ng5 Bxg5 24. Rxe6 Rxe6 25. Bxg5 Kf7 26. Qd3 Ke8 27. Bf4 Kd7 28. Kb2 Qc5 29. c4 Qf2 30. Rd2 Qh4 31. g3 Qf6+ 32. Ka3 g5 33. Be3 Ne5 34. Qf1 Nxc4+ 35. Qxc4 Rxe3 36. Qa4+ Kc8 37. Qxa7 b6 1/2-1/2